Szczegóły MARC21

Informatyka i Ekonometria /

001 -Numer kontrolny rekordu [,]
    • @
    • pole kontrolne
    • gg97603323
005 -Data i czas ostatniej zmiany [,]
    • @
    • Data ostatniej zmiany
    • 20260413133916.0
022 -Międzynarodowy Znormalizowany Numer Wydawnictwa Ciągłego - ISSN [ , ]
    • a
    • International Standard Serial Number
    • 1428-1163
035 -Inne numery kontrolne [ , ]
    • a
    • Numer kontrolny
    • (OCoLC)68764213
040 -Instytucja sporządzająca opis [ , ]
    • a
    • Instytucja, która sporządziła opis (NP)
    • LUBL U/AW
    • c
    • Instytucja, która sporządziła rekord (NP)
    • LUBL U/AW
    • d
    • Instytucja, która zmodyfikowała rekord (P)
    • TOR U/MGM
    • d
    • Instytucja, która zmodyfikowała rekord (P)
    • KR 7/AMs
041 -Język dokumentu [0, ]
    • a
    • Język tekstu (P)
    • polski
    • b
    • Język streszczeń(P)
    • angielski
942 -Rodzaj dokumentu [ , ]
    • c
    • Rodzaj dokumentu
    • Wydaw. ciągłe w tym czasopisma
998 -Inne dane NUKAT [ , ]
    • a
    • Numer systemowy
    • vtls000027094
210 -Skrót tytułu [1, ]
    • a
    • Skrót tytułu
    • Inf. Ekon.
222 -Tytuł kluczowy [ ,0]
    • a
    • Tytuł kluczowy
    • Informatyka i Ekonometria
245 -Strefa tytułu i oznaczenia odpowiedzialności [0,0]
    • a
    • Tytuł
    • Informatyka i Ekonometria /
    • c
    • Pozostałe elementy strefy tytułu i oznaczenia odpowiedzialności (NP)
    • [Akademia Ekonomiczna im. Oskara Langego].
246 -Wariant tytułu [1,7]
    • a
    • Tytuł (NP)
    • Prace Naukowe Akademii Ekonomicznej we Wrocławiu.
    • p
    • Nazwa części (P)
    • Informatyka i Ekonometria
260 -Strefa adresu wydawniczego [ , ]
    • a
    • Miejsce wydania (P)
    • Wrocław :
    • b
    • Nazwa wydawcy (P)
    • Wydaw. Akademii Ekonomicznej im. Oskara Langego,
    • c
    • Data wydania (P)
    • 1996-1997.
830 -Hasło dodatkowe serii i opisu książki wielotomowej - tytuł ujednolicony/tytuł [ ,0]
    • a
    • Tytuł ujednolicony/tytuł (NP)
    • Prace Naukowe Akademii Ekonomicznej im. Oskara Langego we Wrocławiu
    • x
    • ISSN
    • 0324-8445
300 -Strefa opisu fizycznego [ , ]
    • c
    • Format (NP)
    • 24 cm.
310 -Częstotliwość [ , ]
    • a
    • Częstotliwość
    • Niereg.
336 -Typ zawartości [ , ]
    • a
    • Termin opisujący typ zawartości
    • Tekst
    • b
    • Typ/rodzaj nośnika
    • txt
    • 2
    • Źródło (termin i kod)
    • rdacontent
337 -Typ mediów [ , ]
    • a
    • Tryb odtwarzania
    • Bez urządzenia pośredniczącego
    • b
    • Kod typu mediów
    • n
    • 2
    • Źródło (termin i kod)
    • rdamedia
338 -Typ/rodzaj nośnika [ , ]
    • a
    • Hasło opisujące typ nośnika
    • Wolumin
    • b
    • Kod typu nośnika
    • nc
    • 2
    • Źródło (termin i kod)
    • rdacarrier
362 -Strefa numeracji [0, ]
    • a
    • Strefa numeracji
    • 1-4.
490 -Strefa serii i książki wielotomowej - forma nie do wyszukiwania [1, ]
    • a
    • Tytuł (P)
    • Prace Naukowe Akademii Ekonomicznej im. Oskara Langego we Wrocławiu,
    • x
    • ISSN (NP)
    • 0324-8445
500 -Uwaga ogólna [ , ]
    • a
    • Uwaga ogólna (NP)
    • W zb. og. Prac Naukowych nr 1 oznaczony jako nr 718 ; nr 4 jako 750.
504 -Uwaga dot. bibliografii załącznikowej [ , ]
    • a
    • Uwaga dot. bibliografii załącznikowej
    • Bibliogr.
546 -Uwaga dot. języka [ , ]
    • a
    • Uwaga dot. języka
    • Streszcz. w j. ang.
650 -Hasło przedmiotowe - nazwa pospolita [ ,7]
    • a
    • Hasło przedmiotowe
    • Ekonometria
650 -Hasło przedmiotowe - nazwa pospolita [ ,7]
    • a
    • Hasło przedmiotowe
    • Informatyka
650 -Hasło przedmiotowe - nazwa pospolita [ ,7]
    • a
    • Hasło przedmiotowe
    • Ekonometria
655 -INDEX TERM--GENRE/FORM [ ,7]
    • a
    • Genre/form data or focus term
    • Czasopismo naukowe
655 -INDEX TERM--GENRE/FORM [ ,7]
    • a
    • Genre/form data or focus term
    • Czasopismo polskie
710 -Hasło dodatkowe - nazwa ciała zbiorowego [2, ]
    • a
    • Nazwa ciała zbiorowego lub nazwa geograficzna jako pierwszy element (NP)
    • Akademia Ekonomiczna im. Oskara Langego (Wrocław).
785 -Tytuł następny wydawnictwa [0,3]
    • t
    • Title
    • Ekonometria
    • g
    • Relationship information
    • 1998-
    • x
    • International Standard Serial Number
    • 1507-3866
    • w
    • Record control number
    • (NUKAT)gg99601312
952 -Egzemplarz [ , ]
    • a
    • Numer inwentarzowy
    • Ec.45882
    • c
    • Sygnatura
    • Ec.46348
    • d
    • Lokalizacja
    • BE Biblioteka Ekonomiczna
    • i
    • Nr tomu wydaw.cg
    • 1 (1996)
    • p
    • Kod kreskowy
    • 2003200458822
    • y
    • Status udostępniania
    • Tylko na miejscu
952 -Egzemplarz [ , ]
    • a
    • Numer inwentarzowy
    • Ec.46348
    • c
    • Sygnatura
    • Ec.46348
    • d
    • Lokalizacja
    • BE Biblioteka Ekonomiczna
    • i
    • Nr tomu wydaw.cg
    • 2 (1997)
    • p
    • Kod kreskowy
    • 2003200463482
    • y
    • Status udostępniania
    • Tylko na miejscu
952 -Egzemplarz [ , ]
    • a
    • Numer inwentarzowy
    • Ec.46620
    • c
    • Sygnatura
    • Ec.46348
    • d
    • Lokalizacja
    • BE Biblioteka Ekonomiczna
    • i
    • Nr tomu wydaw.cg
    • 3 (1997)
    • p
    • Kod kreskowy
    • 2003200466209
    • y
    • Status udostępniania
    • Tylko na miejscu
952 -Egzemplarz [ , ]
    • a
    • Numer inwentarzowy
    • Ec.47041
    • c
    • Sygnatura
    • Ec.46348
    • d
    • Lokalizacja
    • BE Biblioteka Ekonomiczna
    • i
    • Nr tomu wydaw.cg
    • 4 (1997)
    • p
    • Kod kreskowy
    • 2003200470411
    • y
    • Status udostępniania
    • Tylko na miejscu